Statistiken für Flaggen aller anerkannten und nicht anerkannten Länder

Klicken Sie hier um das Quiz zu spielen!

Allgemein

  • Dieses Quiz wurde 2.435 mal gespielt
  • Das Durchschnittsergebnis liegt bei 178 aus 255

Antwortstatistiken

Antwort% Korrekt
Italien
98%
Indien
97%
Irland
97%
Mexiko
96%
Elfenbeinküste
94%
Brasilien
91%
Japan
91%
Schweden
91%
Südkorea
91%
Ungarn
91%
Iran
90%
Bulgarien
89%
China
89%
Dänemark
89%
Finnland
89%
Niger
89%
Norwegen
89%
Zypern
89%
Georgien
88%
Island
88%
Nordmazedonien
88%
Malta
87%
Vatikan
87%
Vietnam
87%
Bangladesch
86%
Jamaika
86%
Kanada
86%
Schweiz
86%
Südafrika
86%
Türkei
86%
Österreich
85%
Polen
85%
Wales
85%
Lettland
84%
Pakistan
84%
Tadschikistan
84%
Algerien
83%
Bhutan
83%
Katar
83%
Madagaskar
83%
Nepal
83%
Tunesien
83%
Ägypten
82%
Griechenland
82%
Indonesien
82%
Kenia
82%
Libanon
82%
Monaco
82%
USA
82%
England
81%
Frankreich
81%
Kirgisistan
81%
Oman
81%
Peru
81%
Singapur
81%
Tschechien
81%
Belgien
80%
Bosnien & Herzegowina
80%
Chile
80%
Deutschland
80%
Irak
80%
Israel
80%
Kosovo
80%
Kroatien
80%
Portugal
80%
Russland
80%
Spanien
80%
Syrien
80%
Uruguay
80%
Albanien
79%
Argentinien
79%
Brunei
79%
Estland
79%
Luxemburg
79%
Niederlande
79%
Palau
79%
Slowakei
79%
Slowenien
79%
Bahrain
78%
Malaysia
78%
Malediven
78%
Marokko
78%
Nordkorea
78%
Panama
78%
Papua-Neuguinea
78%
Rumänien
78%
Saudi-Arabien
78%
Schottland
78%
Serbien
78%
Tonga
78%
Turkmenistan
78%
Aserbaidschan
77%
Kasachstan
77%
Kuba
77%
Libyen
77%
Liechtenstein
77%
San Marino
77%
Thailand
77%
Ukraine
77%
Vereinigtes Königreich
77%
Belarus
76%
Eswatini
76%
Kolumbien
76%
Neuseeland
76%
Nigeria
76%
Sri Lanka
76%
Venezuela
76%
Vereinigte Arabische Emirate
76%
Andorra
75%
Angola
75%
Barbados
75%
Demokratische Republik Kongo
75%
Hongkong
75%
Mauretanien
75%
Montenegro
75%
Philippinen
75%
Seychellen
75%
Armenien
74%
Dominikanische Republik
74%
Ecuador
74%
Honduras
74%
Jordanien
74%
Kambodscha
74%
Kuwait
74%
Litauen
74%
Malawi
74%
Moldawien
74%
Taiwan
74%
Uganda
74%
Costa Rica
73%
Färöer
73%
Grönland
73%
Jemen
73%
Laos
73%
Senegal
73%
Südsudan
73%
Äthiopien
72%
Australien
72%
Bahamas
72%
Eritrea
72%
Gabun
72%
Ghana
72%
Kamerun
72%
Komoren
72%
Liberia
72%
Mongolei
72%
Mosambik
72%
Paraguay
72%
Somalia
72%
Tschad
72%
Afghanistan
71%
Haiti
71%
Tansania
71%
Usbekistan
71%
Antigua und Barbuda
70%
Botswana
70%
El Salvador
70%
Guatemala
70%
Mikronesien
70%
Nicaragua
70%
Osttimor
70%
Simbabwe
70%
St. Lucia
70%
Belize
69%
Burkina Faso
69%
Burundi
69%
Dominica
69%
Kap Verde
69%
Kiribati
69%
Lesotho
69%
Mali
69%
Marshallinseln
69%
Myanmar
69%
Namibia
69%
Ruanda
69%
Äquatorialguinea
68%
Dschibuti
68%
Guyana
68%
Mauritius
68%
Mayotte
68%
Nauru
68%
Republik Kongo
68%
Suriname
68%
Trinidad & Tobago
68%
Zentralafrikanische Republik
68%
Benin
67%
Fidschi
67%
Gibraltar
67%
Grenada
67%
Isle of Man
67%
Sambia
67%
Sudan
67%
Togo
67%
Sierra Leone
66%
Vanuatu
66%
Bolivien
65%
Guinea
65%
Puerto Rico
65%
Samoa
65%
Antarktis
64%
Guinea-Bissau
64%
Gambia
63%
Nordirland
61%
Palästina
61%
Salomonen
61%
São Tomé & Príncipe
61%
St. Kitts & Nevis
61%
Tuvalu
61%
Åland
59%
Guam
59%
Jersey
54%
St. Vincent & die Grenadinen
54%
Amerikanische Jungferninseln
53%
Macau
51%
Guernsey
50%
Nordzypern
50%
Cookinseln
49%
Amerikanisch-Samoa
48%
Weihnachtsinsel
47%
Französisch-Polynesien
46%
Niue
45%
Somaliland
45%
Westsahara
45%
Kokosinseln
44%
Neukaledonien
44%
Norfolkinsel
44%
Aruba
43%
Guadeloupe
43%
Bermuda
42%
Britische Jungferninseln
42%
Curaçao
40%
Tokelau
40%
Anguilla
38%
Falklandinseln
38%
Nördliche Marianen
38%
Réunion
38%
Südossetien
38%
Französisch-Guayana
37%
Martinique
37%
Transnistrien
36%
Sint Maarten
34%
Montserrat
33%
Abchasien
32%
Arzach
32%
St. Helena, Ascension & Tristan da Cunha
32%
Wallis & Futuna
32%
Kaimaninseln
31%
Britisches Territorium im Indischen Ozean
30%
St. Pierre & Miquelon
30%
Französische Süd- und Antarktisgebiete
29%
Pitcairninseln
29%
Saint Barthélemy
29%
Turks- und Caicosinseln
29%
Saint-Martin
26%
Südgeorgien und die Südlichen Sandwichinseln
25%

Verteilung der Resultate

Perzentil nach korrekt beantworteten Fragen

Anzahl Personen mit jedem Resultat

Ihre Resultats-Entwicklung

Sie haben dieses Quiz noch nicht gespielt